Statistics for Oldest Island Nations

Click here to take the quiz!

General Stats

  • This quiz has been taken 8 times
  • The average score is 9 of 10

Answer Stats

Year of IndependenceAnswer% Correct
1868Cuba
100%
1919Ireland
100%
660 BCJapan
100%
1707United Kingdom
100%
1804Haiti
88%
1944Iceland
88%
1907New Zealand
88%
1898Philippines
88%
1912Taiwan
75%
1821Dominican Republic
63%

Score Distribution

Percentile by Number Answered

Percent of People with Each Score

Your Score History

You have not taken this quiz